Statistics for Towns beginning with C: guess the country

Click here to take the quiz!

General Stats

  • This quiz has been taken 31 times
  • The average score is 13 of 20

Answer Stats

QuestionAnswer% Correct
CaracasVenezuela
96%
ChorzówPoland
93%
CastriesSt Lucia
93%
Chateau d’OexSwitzerland
93%
ChangchunChina
81%
CaliColombia
81%
Can ThoVietnam
81%
CoimbraPortugal
78%
ÇanakkaleTurkey
74%
ChichicastenangoGuatemala
70%
Ciudad López MateosMexico
63%
Coles BayAustralia
59%
ChiavennaItaly
56%
CuiabáBrazil
52%
CajamarcaPeru
52%
CochabambaBolivia
48%
Cagayan de OroPhilippines
41%
ComillaBangladesh
22%
ChilliwackCanada
19%
ColoniaMicronesia
7%

Score Distribution

Percentile by Number Answered

Percent of People with Each Score

Your Score History

You have not taken this quiz